| 000 | 00520nam a2200181 4500 | ||
|---|---|---|---|
| 005 | 20251215130016.0 | ||
| 008 | 251215b |||||||| |||| 00| 0 eng d | ||
| 020 | _a978-93-8600615-8 | ||
| 041 | _aEng | ||
| 082 |
_23rd ed. 2021 _aF 610.73 CLE _bB11987 |
||
| 100 |
_aClement I _9215841 |
||
| 245 |
_aNurses Recruitment Guide Volume 2 _bSecret of Success |
||
| 250 | _a3rd. ed. 2021 | ||
| 260 |
_aBangalore _bEMMESS _c2021 |
||
| 300 |
_avi,819p. to1529p. _bpb _c27cmx21cm |
||
| 365 |
_aRupaye _b897.50 _cINR |
||
| 942 | _cBK | ||
| 999 |
_c369368 _d369368 |
||